[Event "ENG-ch Chessable"]
[Site "Kenilworth"]
[Date "2022.05.19"]
[Round "1"]
[White "Wells, Daniel J"]
[Black "Derakhshani, Borna"]
[Result "0-1"]
[WhiteElo "2020"]
[BlackElo "2388"]
[PlyCount "88"]
[EventDate "2022.05.19"]
[EventType "swiss"]
[EventRounds "7"]
[EventCountry "ENG"]
[SourceTitle "CBM 208 Extra"]
[Source "ChessBase"]
[SourceDate "2022.07.31"]
[SourceVersion "1"]
[SourceVersionDate "2022.07.31"]
[SourceQuality "1"]

1. e4 c6 2. d4 d5 3. e5 Bf5 4. Nf3 e6 5. Be2 Ne7 6. 0-0 Bg6 7. Nbd2 Nf5 8. a3 Be7 9. b4 a5 10. b5 0-0 11. a4 Nd7 12. Bb2 Rc8 13. c4 dxc4 14. Nxc4 Bh5 15. Rc1 cxb5 16. axb5 Bb4 17. h3 Ne7 18. Ng5 Bg6 19. Bd3 Nb6 20. Ne3 Rxc1 21. Bxc1 Bxd3 22. Qxd3 Ng6 23. h4 Re8 24. f4 h6 25. h5 Nf8 26. Nf3 Nd5 27. f5 Nxe3 28. Bxe3 exf5 29. Qxf5 Qd7 30. Qe4 Qxb5 31. Nh4 Qe2 32. Rf3 Qe1+ 33. Kh2 Ne6 34. Nf5 Ng5 35. Qg4 Bd2 36. Bxg5 Bxg5 37. Nd6 Rf8 38. Nxb7 Be3 39. d5 Bg1+ 40. Kh3 Qxe5 41. Rg3 f5 42. Qg6 f4 43. Rf3 Rf6 44. Qg4 Rf5 0-1

[Event "NATO-ch 27th"]
[Site "Shrivenham"]
[Date "2016.08.25"]
[Round "6"]
[White "Cappon, Kaan"]
[Black "Wells, Daniel J"]
[Result "0-1"]
[WhiteElo "1830"]
[BlackElo "2007"]
[PlyCount "54"]
[EventDate "2016.08.22"]
[EventType "swiss"]
[EventRounds "7"]
[EventCountry "ENG"]
[SourceTitle "EXT 2018"]
[Source "ChessBase"]
[SourceDate "2017.10.13"]
[SourceVersion "1"]
[SourceVersionDate "2017.10.13"]
[SourceQuality "1"]

1. e4 c5 2. Nf3 Nc6 3. d4 cxd4 4. Nxd4 Nf6 5. Nc3 e5 6. Ndb5 d6 7. Nd5 Nxd5 8. exd5 Nb8 9. c4 a6 10. Nc3 Be7 11. Be2 0-0 12. 0-0 f5 13. f4 Bf6 14. Bd2 Nd7 15. Rb1 b6 16. g4 exf4 17. Rxf4 Ne5 18. gxf5 Bg5 19. Rf2 Bxf5 20. Ra1 Qe7 21. Rg2 Bh4 22. Bh6 Ng6 23. Bd2 Bh3 24. Bg4 Bxg2 25. Be6+ Kh8 26. Kxg2 Nf4+ 27. Bxf4 Rxf4 0-1

[Event "NATO-ch 27th"]
[Site "Shrivenham"]
[Date "2016.08.25"]
[Round "5"]
[White "Wells, Daniel J"]
[Black "Krainski, Slawomir"]
[Result "0-1"]
[WhiteElo "2007"]
[BlackElo "2113"]
[PlyCount "84"]
[EventDate "2016.08.22"]
[EventType "swiss"]
[EventRounds "7"]
[EventCountry "ENG"]
[SourceTitle "EXT 2018"]
[Source "ChessBase"]
[SourceDate "2017.10.13"]
[SourceVersion "1"]
[SourceVersionDate "2017.10.13"]
[SourceQuality "1"]

1. e4 e5 2. Nf3 Nc6 3. Bb5 Nge7 4. 0-0 g6 5. c3 a6 6. Ba4 Bg7 7. d4 exd4 8. cxd4 0-0 9. h3 b5 10. Bb3 Na5 11. Bc2 d6 12. Bg5 h6 13. Bh4 g5 14. Bg3 f5 15. exf5 Bxf5 16. Nc3 Bxc2 17. Qxc2 Nf5 18. Ne4 Nc4 19. Rac1 Rc8 20. b3 Nb6 21. a4 Qd7 22. a5 Nd5 23. Qd3 Rf7 24. Rfe1 Rcf8 25. Bh2 Nfe7 26. Bg3 Qf5 27. Kh2 Ng6 28. Qd2 g4 29. hxg4 Qxg4 30. Qd1 Rxf3 31. gxf3 Qh5+ 32. Kg1 Ngf4 33. Bxf4 Nxf4 34. Re3 Bxd4 35. Rd3 Qg6+ 36. Kf1 Qg2+ 37. Ke1 Bxf2+ 38. Nxf2 Qg1+ 39. Kd2 Qxf2+ 40. Kc3 Nxd3 41. Kxd3 Rxf3+ 42. Ke4 Re3+ 0-1

[Event "BCF-chT2b 1415 (4NCL)"]
[Site "England"]
[Date "2014.11.16"]
[Round "2.11"]
[White "Foley, John P"]
[Black "Wells, Daniel J"]
[Result "1/2-1/2"]
[WhiteElo "2007"]
[BlackElo "2002"]
[PlyCount "72"]
[EventDate "2014.11.15"]
[EventType "team-tourn"]
[EventRounds "7"]
[EventCountry "ENG"]
[SourceTitle "CBM 163 Extra"]
[Source "ChessBase"]
[SourceDate "2014.12.23"]
[SourceVersion "1"]
[SourceVersionDate "2014.12.23"]
[SourceQuality "1"]
[WhiteTeam "BCM Dragons"]
[BlackTeam "Grantham Sharks II"]
[WhiteTeamCountry "ENG"]
[BlackTeamCountry "ENG"]

1. d4 Nf6 2. Nf3 g6 3. Bf4 Bg7 4. Nc3 d5 5. e3 0-0 6. h3 c5 7. Be2 Nc6 8. 0-0 cxd4 9. exd4 Bf5 10. Re1 Rc8 11. g4 Be4 12. Ne5 Nb4 13. Nxe4 Nxe4 14. c3 Nc6 15. Nxc6 bxc6 16. Ba6 Rb8 17. Bxb8 Qxb8 18. Bd3 Ng5 19. Kg2 Qxb2 20. Qc1 Qxc1 21. Rexc1 Ne6 22. Kg1 Bh6 23. Rd1 Kg7 24. Bf1 Kf6 25. h4 Bf4 26. g5+ Kg7 27. Bh3 Bd6 28. Bxe6 fxe6 29. Kg2 Rf4 30. Rh1 e5 31. dxe5 Bxe5 32. Rh3 Rc4 33. Re3 Bd6 34. Kh3 Rf4 35. f3 Bc5 36. Rd3 Bf2 1/2-1/2

[Event "NATO-ch 25th"]
[Site "Quebec"]
[Date "2014.09.12"]
[Round "7"]
[White "Wells, Daniel J"]
[Black "De Cat, Ben"]
[Result "1/2-1/2"]
[WhiteElo "2002"]
[BlackElo "1896"]
[PlyCount "27"]
[EventDate "2014.09.08"]
[EventType "team-swiss"]
[EventRounds "7"]
[EventCountry "CAN"]
[SourceTitle "EXT 2015"]
[Source "ChessBase"]
[SourceDate "2014.11.20"]
[SourceVersion "1"]
[SourceVersionDate "2014.11.20"]
[SourceQuality "1"]
[WhiteTeam "Great Britain"]
[BlackTeam "Belgium"]
[WhiteTeamCountry "GBR"]
[BlackTeamCountry "BEL"]

1. e4 d6 2. d4 Nf6 3. Nc3 c6 4. Nf3 Nbd7 5. a4 e5 6. Bc4 h6 7. 0-0 Be7 8. h3 Qc7 9. Re1 g5 10. Qe2 Nf8 11. dxe5 dxe5 12. Ba2 Be6 13. Bxe6 Nxe6 14. Qc4 1/2-1/2

[Event "NATO-ch 25th"]
[Site "Quebec"]
[Date "2014.09.11"]
[Round "5"]
[White "Wells, Daniel J"]
[Black "Hater, David"]
[Result "1/2-1/2"]
[WhiteElo "2002"]
[BlackElo "2034"]
[PlyCount "28"]
[EventDate "2014.09.08"]
[EventType "team-swiss"]
[EventRounds "7"]
[EventCountry "CAN"]
[SourceTitle "EXT 2015"]
[Source "ChessBase"]
[SourceDate "2014.11.20"]
[SourceVersion "1"]
[SourceVersionDate "2014.11.20"]
[SourceQuality "1"]
[WhiteTeam "Great Britain"]
[BlackTeam "United States"]
[WhiteTeamCountry "GBR"]
[BlackTeamCountry "USA"]

1. e4 e5 2. Nf3 Nc6 3. Bb5 a6 4. Ba4 Nf6 5. 0-0 Nxe4 6. d4 b5 7. Bb3 d5 8. dxe5 Be6 9. Nbd2 Nc5 10. c3 d4 11. Bxe6 Nxe6 12. cxd4 Ncxd4 13. a4 Be7 14. axb5 axb5 1/2-1/2

[Event "NATO-ch 25th"]
[Site "Quebec"]
[Date "2014.09.09"]
[Round "3"]
[White "Wells, Daniel J"]
[Black "Middaugh, Jon S"]
[Result "1-0"]
[WhiteElo "2002"]
[BlackElo "1767"]
[PlyCount "37"]
[EventDate "2014.09.08"]
[EventType "team-swiss"]
[EventRounds "7"]
[EventCountry "CAN"]
[SourceTitle "EXT 2015"]
[Source "ChessBase"]
[SourceDate "2014.11.20"]
[SourceVersion "1"]
[SourceVersionDate "2014.11.20"]
[SourceQuality "1"]
[WhiteTeam "Great Britain"]
[BlackTeam "United States"]
[WhiteTeamCountry "GBR"]
[BlackTeamCountry "USA"]

1. e4 c6 2. d4 d5 3. e5 Bf5 4. Nf3 e6 5. Be2 h6 6. 0-0 c5 7. c4 Nc6 8. Be3 cxd4 9. Nxd4 Bxb1 10. Rxb1 Nxe5 11. cxd5 Qxd5 12. Qa4+ Ke7 13. Nb5 f6 14. Nc7 Qd8 15. Nxa8 Qxa8 16. Rbc1 Nc6 17. Bf3 Kd7 18. Rfd1+ Kc7 19. Qa5+ 1-0

[Event "NATO-ch 25th"]
[Site "Quebec"]
[Date "2014.09.08"]
[Round "1"]
[White "Wells, Daniel J"]
[Black "Drabke, Lorenz Maximilian"]
[Result "0-1"]
[WhiteElo "2002"]
[BlackElo "2457"]
[PlyCount "94"]
[EventDate "2014.09.08"]
[EventType "team-swiss"]
[EventRounds "7"]
[EventCountry "CAN"]
[SourceTitle "EXT 2015"]
[Source "ChessBase"]
[SourceDate "2014.11.20"]
[SourceVersion "1"]
[SourceVersionDate "2014.11.20"]
[SourceQuality "1"]
[WhiteTeam "Great Britain"]
[BlackTeam "Germany"]
[WhiteTeamCountry "GBR"]
[BlackTeamCountry "GER"]

1. e4 c5 2. Nf3 e6 3. Nc3 a6 4. d4 cxd4 5. Nxd4 Qc7 6. Bd3 Nf6 7. 0-0 Bc5 8. Nb3 Be7 9. f4 d6 10. a4 Nc6 11. a5 b5 12. axb6 Qxb6+ 13. Kh1 0-0 14. Qe2 Nb4 15. Be3 Qc7 16. Na5 Bd7 17. Nc4 Rab8 18. Bd4 Nxd3 19. cxd3 Bb5 20. Nxb5 axb5 21. Ra7 Rb7 22. Rxb7 Qxb7 23. Bxf6 gxf6 24. Ne3 Qb6 25. f5 Kh8 26. Ng4 Qd4 27. Nh6 Bd8 28. Rc1 Kg7 29. Qd2 d5 30. Re1 Be7 31. Re3 Bc5 32. Rg3+ Kh8 33. Qc1 b4 34. h3 b3 35. Rf3 Kg7 36. Ng4 Kh8 37. Nh6 Bb6 38. Rg3 Bc5 39. Rf3 Bb6 40. Kh2 Bc5 41. Qf4 dxe4 42. Qxe4 Bd6+ 43. Kh1 Qxb2 44. Rf1 Qe5 45. Ng4 Qxe4 46. dxe4 b2 47. Nf2 Ra8 0-1

[Event "BCF-chT1d 1011 (4NCL) Demotion pool"]
[Site "England"]
[Date "2011.05.01"]
[Round "10.18"]
[White "Hodgson, John H"]
[Black "Wells, Daniel J"]
[Result "1-0"]
[WhiteElo "2200"]
[BlackElo "1997"]
[PlyCount "79"]
[EventDate "2010.11.06"]
[EventType "team-tourn"]
[EventRounds "4"]
[EventCountry "ENG"]
[SourceTitle "EXT 2012"]
[Source "ChessBase"]
[SourceDate "2011.11.24"]
[SourceVersion "1"]
[SourceVersionDate "2011.11.24"]
[SourceQuality "1"]
[WhiteTeam "Barbican II"]
[BlackTeam "Pandoras Box"]
[WhiteTeamCountry "ENG"]
[BlackTeamCountry "ENG"]

1. e4 c5 2. Nf3 Nc6 3. d4 cxd4 4. Nxd4 Nf6 5. Nc3 e5 6. Ndb5 d6 7. Bg5 a6 8. Na3 b5 9. Nd5 Be7 10. Bxf6 Bxf6 11. c4 b4 12. Nc2 a5 13. g3 Bg5 14. h4 Bh6 15. Bh3 Bb7 16. Qd3 Ne7 17. Nde3 0-0 18. 0-0 g6 19. Rad1 Qb6 20. Qxd6 Qxd6 21. Rxd6 Bxe4 22. Bg2 Bxg2 23. Kxg2 Rac8 24. b3 Bg7 25. Rfd1 Nc6 26. Nd5 Kh8 27. Nb6 Rc7 28. Nd5 Rcc8 29. Nb6 Rc7 30. R1d5 Re8 31. Rc5 Re6 32. Rxe6 fxe6 33. Nd5 Bf8 34. Nxc7 Bxc5 35. Nxe6 Bd4 36. Ncxd4 exd4 37. Kf1 Kg8 38. Ke2 Kf7 39. Ng5+ Kg7 40. Kd3 1-0

[Event "Blackpool op 34th"]
[Site "Blackpool"]
[Date "2010.03.05"]
[Round "5"]
[White "Wells, Daniel J"]
[Black "Padilla Cabero, Pablo"]
[Result "0-1"]
[WhiteElo "2014"]
[BlackElo "2176"]
[PlyCount "62"]
[EventDate "2010.03.01"]
[EventType "swiss"]
[EventRounds "5"]
[EventCountry "ENG"]
[SourceTitle "CBM 135 Extra"]
[Source "ChessBase"]
[SourceDate "2010.05.04"]
[SourceVersion "1"]
[SourceVersionDate "2010.05.04"]
[SourceQuality "1"]

1. e4 Nf6 2. e5 Nd5 3. d4 c5 4. c4 Nb4 5. d5 d6 6. exd6 Bf5 7. Na3 e5 8. Be3 Bxd6 9. Nf3 Nd7 10. Be2 0-0 11. 0-0 a6 12. Ne1 e4 13. Nac2 Nxc2 14. Nxc2 Qc7 15. Bg4 Bxh2+ 16. Kh1 Bxg4 17. Qxg4 Nf6 18. Qh4 Be5 19. Bg5 Ne8 20. Qxe4 f6 21. Bd2 Nd6 22. Qh4 f5 23. Rae1 Rae8 24. b4 Ne4 25. Rxe4 fxe4 26. bxc5 Qxc5 27. Qxe4 Rxf2 28. Rxf2 Qxf2 29. Qd3 Qh4+ 30. Kg1 Bh2+ 31. Kf1 Bg3 0-1

[Event "BCF-chT2a 0910 (4NCL)"]
[Site "England"]
[Date "2009.10.24"]
[Round "1.8"]
[White "Wells, Daniel J"]
[Black "Tunstall, George S"]
[Result "1-0"]
[WhiteElo "2014"]
[BlackElo "1978"]
[PlyCount "151"]
[EventDate "2009.10.24"]
[EventType "team-tourn"]
[EventRounds "7"]
[EventCountry "ENG"]
[SourceTitle "EXT 2010"]
[Source "ChessBase"]
[SourceDate "2010.11.25"]
[SourceVersion "1"]
[SourceVersionDate "2010.11.25"]
[SourceQuality "1"]
[WhiteTeam "Barbican Youth"]
[BlackTeam "AMCA Dragons"]
[WhiteTeamCountry "ENG"]
[BlackTeamCountry "ENG"]

1. e4 c5 2. Nf3 Nc6 3. Bb5 e6 4. Bxc6 bxc6 5. d3 d5 6. Nbd2 Nf6 7. c4 Be7 8. 0-0 0-0 9. Qe2 Qc7 10. Re1 Rd8 11. Nb1 Rb8 12. Nc3 d4 13. Na4 e5 14. h3 Nh5 15. Ng5 g6 16. b3 Nf4 17. Bxf4 exf4 18. Nf3 Re8 19. Qd2 g5 20. Rab1 Bd7 21. Rb2 Kg7 22. e5 a5 23. g3 fxg3 24. fxg3 h6 25. h4 g4 26. Nh2 f5 27. Qf4 Be6 28. Rf2 Rf8 29. Kh1 Rf7 30. Nf1 Rg8 31. Kg2 Kh7 32. Rfe2 h5 33. Nh2 Bf8 34. Nf1 Bh6 35. Qf2 Qe7 36. Kg1 Rg6 37. Qg2 Bf8 38. Qf2 Bd7 39. Qg2 Re6 40. Nb6 Be8 41. Nc8 Qd7 42. Nd6 Bxd6 43. exd6 Rff6 44. Qf2 Rxe2 45. Qxe2 Bf7 46. Qe7 Qxd6 47. Qxd6 Rxd6 48. Re5 a4 49. bxa4 Rd8 50. Rxc5 Ra8 51. Rxc6 Rxa4 52. Rd6 Rxa2 53. Rxd4 Re2 54. Rf4 Kg6 55. Rf2 Re1 56. Rd2 Kf6 57. Kf2 Re8 58. Ne3 Rc8 59. Ng2 Rd8 60. Ke3 Re8+ 61. Kd4 Rd8+ 62. Kc3 Rc8 63. Re2 Rc7 64. Nf4 Rc8 65. Kd4 Rd8+ 66. Kc5 Ra8 67. Re3 Rd8 68. Kc6 Rc8+ 69. Kd7 Rc5 70. Kd6 Rc8 71. c5 Be8 72. d4 Rc6+ 73. Kd5 Rc8 74. Kc4 Bf7+ 75. d5 Be8 76. c6 1-0

[Event "Paington op"]
[Site "Paington"]
[Date "2009.09.09"]
[Round "4"]
[White "Marsh, Roger DW"]
[Black "Wells, Daniel J"]
[Result "1-0"]
[WhiteElo "2074"]
[BlackElo "2014"]
[PlyCount "83"]
[EventDate "2009.09.06"]
[EventType "swiss"]
[EventRounds "7"]
[EventCountry "ENG"]
[SourceTitle "CBM 132 Extra"]
[Source "ChessBase"]
[SourceDate "2009.11.03"]
[SourceVersion "1"]
[SourceVersionDate "2009.11.03"]
[SourceQuality "1"]

1. d4 Nf6 2. c4 g6 3. Nc3 Bg7 4. e4 d6 5. Be2 0-0 6. Bg5 Na6 7. h3 e5 8. d5 h6 9. Be3 c6 10. Nf3 cxd5 11. cxd5 Bd7 12. 0-0 Qa5 13. Qd2 Kh7 14. a3 Rac8 15. Rfc1 Ng8 16. Nb5 Qxd2 17. Nxd2 Bxb5 18. Bxb5 f5 19. f3 h5 20. b4 Nf6 21. Bd3 fxe4 22. fxe4 Bh6 23. Bxh6 Kxh6 24. Nc4 Rcd8 25. Na5 Rd7 26. Ra2 h4 27. Rf2 g5 28. Nc4 Nc7 29. Nxd6 Rxd6 30. Rxc7 Re8 31. Rfc2 Rb6 32. Rf7 Nh5 33. Rcc7 Ng3 34. Kf2 Rb8 35. Ke3 Kg6 36. Rg7+ Kh6 37. Rge7 Rf8 38. Rxe5 Rbf6 39. Re6 Rxe6 40. dxe6 Kh5 41. e7 Rb8 42. Rxb7 1-0

[Event "Uxbridge op"]
[Site "Denham"]
[Date "2009.02.21"]
[Round "3"]
[White "Kikoyo, Ali"]
[Black "Wells, Daniel J"]
[Result "0-1"]
[WhiteElo "2090"]
[BlackElo "2002"]
[PlyCount "88"]
[EventDate "2009.02.20"]
[EventType "swiss"]
[EventRounds "5"]
[EventCountry "ENG"]
[SourceTitle "EXT 2011"]
[Source "ChessBase"]
[SourceDate "2010.11.26"]
[SourceVersion "1"]
[SourceVersionDate "2010.11.26"]
[SourceQuality "1"]

1. e4 c5 2. Nf3 Nc6 3. d4 cxd4 4. Nxd4 Nf6 5. Nc3 e5 6. Ndb5 d6 7. Bg5 a6 8. Na3 b5 9. Nd5 Be7 10. Bxf6 Bxf6 11. c3 Bg5 12. Nc2 0-0 13. a4 bxa4 14. Rxa4 Rb8 15. h4 Bh6 16. b4 Ne7 17. Nce3 Bxe3 18. Nxe3 Bb7 19. Nd5 f5 20. Bxa6 fxe4 21. Bxb7 Rxb7 22. 0-0 Nf5 23. Qg4 Nxh4 24. Re1 Rbf7 25. Ra2 Rf5 26. Rxe4 Nf3+ 27. Qxf3 Rxf3 28. gxf3 Rxf3 29. Kg2 Rd3 30. Ne3 Rxc3 31. Rb2 Qa8 32. f3 Qa1 33. Re2 Rc1 34. Kg3 Rh1 35. Ng2 Qg1 36. f4 Qh2+ 37. Kf3 Qh3+ 38. Kf2 Rh2 39. Kg1 Rh1+ 40. Kf2 exf4 41. Rxf4 h5 42. Rf3 Qh2 43. Re4 Qg1+ 44. Kg3 h4+ 0-1

[Event "Uxbridge op"]
[Site "Denham"]
[Date "2009.02.21"]
[Round "2"]
[White "Wells, Daniel J"]
[Black "Ali, Golam Shabbir"]
[Result "1-0"]
[WhiteElo "2002"]
[BlackElo "1845"]
[PlyCount "97"]
[EventDate "2009.02.20"]
[EventType "swiss"]
[EventRounds "5"]
[EventCountry "ENG"]
[SourceTitle "EXT 2011"]
[Source "ChessBase"]
[SourceDate "2010.11.26"]
[SourceVersion "1"]
[SourceVersionDate "2010.11.26"]
[SourceQuality "1"]

1. e4 c5 2. Nf3 d6 3. d4 cxd4 4. Nxd4 Nf6 5. Nc3 a6 6. Bg5 e6 7. f4 Be7 8. Qf3 Nc6 9. 0-0-0 Qc7 10. Nxc6 bxc6 11. e5 dxe5 12. fxe5 Nd7 13. Bxe7 Kxe7 14. Ne4 Qxe5 15. Nd6 Nf6 16. Qxc6 Bd7 17. Qf3 Rhb8 18. Qa3 Qf4+ 19. Kb1 Qb4 20. Qxb4 Rxb4 21. a3 Rf4 22. Rd2 Bc6 23. Rg1 Bd5 24. g3 Ra4 25. b3 Rb8 26. Ka2 Kxd6 27. c4 Ra5 28. cxd5 exd5 29. Bd3 Ke5 30. Rb2 Rc5 31. Bxa6 Ne4 32. b4 Rc3 33. Rgb1 d4 34. Rd1 Rb6 35. Bd3 Rxd3 36. Rxd3 Nc3+ 37. Kb3 Rc6 38. Rc2 Rh6 39. Rcd2 Nb5 40. a4 Nc7 41. Rxd4 f5 42. Rd7 Ne6 43. a5 f4 44. gxf4+ Nxf4 45. Rxg7 Rh3+ 46. Ka4 Ne6 47. Rgd7 Rh4 48. R7d5+ Ke4 49. a6 1-0